Equipementiers coupe du monde 2022 - Statistiques

Statistiques générales
  • Ce quiz a été pris 65 fois
  • Le résultat moyen est 8 sur 9
Statistiques - réponses
Hint Réponse % Correct
Marathon 3%
98%
New Balance 3%
98%
Kappa 3%
98%
Hummel 3%
98%
Majid 3%
98%
One All Sports 3%
98%
Puma 19%
87%
Adidas 22%
87%
Nike 41%
87%
Aucun quiz correspondant
Distribution des résultats
% des personnes avec chaque résultat
Percentile par nombre de réponses
Votre historique - résultats
Vous n’avez pas pris ce quiz